Toskánske tajomstvo /
Odvtedy, čo sa jej sestra vrátila do rodného domu, sa Bianca cíti stratená. Po prvýkrát v živote nie je jediná, kto sa stará o rodinu. Nevie prestať myslieť na Lorenza. Miluje ho od detstva, ale nevraživosť medzi ich rodinami im nedovolí byť spolu. Narazí na Branda, priateľa z detstva, ktorý jej doh...
Uloženo v:
| Série: | Toskánske sestry,
část 2 |
|---|---|
| Hlavní autor: | |
| Médium: | E-kniha |
| Jazyk: | Czech |
| Vydáno: |
Praha :
Albatros Media Slovakia s.r.o.,
2025
|
| Příbuzné jednotky: | Z cyklu::
Toskánske sestry |
| Tagy: |
Žádné tagy |
| LEADER | 01607nam a22002417i 4500 | ||
|---|---|---|---|
| 001 | 302727 | ||
| 007 | ta | ||
| 008 | 260514s2025 xr ||||| |||| 00| 0 cze d | ||
| 020 | |a 9788056649824 | ||
| 044 | |a xr | ||
| 100 | 1 | |a Sacerdoti, Daniela |4 aut | |
| 245 | 1 | 0 | |a Toskánske tajomstvo / |c Sacerdoti, Daniela |
| 240 | 1 | 0 | |a The Tuscan Sister's Secret |
| 264 | 1 | |a Praha : |b Albatros Media Slovakia s.r.o., |c 2025 | |
| 300 | |a 1 online zdroj (248 stran) | ||
| 336 | |a text |b txt |2 rdacontent | ||
| 337 | |a bez média |b n |2 rdamedia | ||
| 338 | |a online zdroj |b cr |2 rdacarrier | ||
| 520 | 2 | |a Odvtedy, čo sa jej sestra vrátila do rodného domu, sa Bianca cíti stratená. Po prvýkrát v živote nie je jediná, kto sa stará o rodinu. Nevie prestať myslieť na Lorenza. Miluje ho od detstva, ale nevraživosť medzi ich rodinami im nedovolí byť spolu. Narazí na Branda, priateľa z detstva, ktorý jej dohodí prácu v galérii Uffizi. Čím viac času s ním trávi v archívoch, kde katalogizuje vzácnu knižnicu, tým viac ju fascinujú jeho teplé hnedé oči. Pomôže jej jeho jemný úsmev uzdraviť srdce? | |
| 787 | 0 | 8 | |g 2 |i Z cyklu: |t Toskánske sestry |
| 910 | |a RBIT002 | ||
| 998 | |d 426984 |a https://core.palmknihy.cz/api/books/426984/cover?tesgic |b https://core.palmknihy.cz/api/books/426984/cover/400?tesgic |c https://core.palmknihy.cz/api/books/426984/cover/50?tesgic |e 2034-12-31 |g 248 |i 9788056649824 |j https://core.palmknihy.cz/api/books/426984/preview.epub |k https://core.palmknihy.cz/api/books/426984/preview.pdf |l |q 49 |r 1 |s https://www.palmknihy.cz/kniha/426984 |t ebook |y 2025 |z 1 |v Toskánske sestry |w 2 | ||
| 999 | |d 302725 | ||